| Tag |
First Indicator |
Second Indicator |
Subfields |
| LEADER |
00000cam a2200000 a 4500 |
| 001 |
in00002781393 |
| 005 |
20211120170023.0 |
| 006 |
m o d f |
| 007 |
cr bn||||||||| |
| 008 |
120831s2012 dcu ob f000 0 eng c |
| 035 |
|
|
|a (OCoLC)ocn808814281
|
| 040 |
|
|
|a GPO
|c GPO
|d GPO
|d OCLCQ
|d GPO
|d MvI
|d UtOrBLW
|
| 042 |
|
|
|a pcc
|
| 043 |
|
|
|a n-us---
|
| 049 |
|
|
|a WWW
|
| 050 |
1 |
4 |
|a KF27
|b .J8647 2012c
|
| 074 |
|
|
|a 1020-C (online)
|
| 086 |
0 |
|
|a Y 4.J 89/1:112-117
|
| 088 |
|
|
|a Serial no. 112-117 (United States. Congress. House. Committee on the Judiciary)
|
| 110 |
1 |
|
|a United States.
|b Congress.
|b House.
|b Committee on the Judiciary.
|b Subcommittee on Intellectual Property, Competition, and the Internet.
|
| 245 |
1 |
0 |
|a Dodd-Frank Act's effects on financial services competition :
|b hearing before the Subcommittee on Intellectual Property, Competition, and the Internet of the Committee on the Judiciary, House of Representatives, One Hundred Twelfth Congress, second session, July 10, 2012.
|
| 246 |
3 |
|
|a Dodd Frank Act's effects on financial services competition
|
| 264 |
|
1 |
|a Washington :
|b U.S. G.P.O.,
|c 2012.
|
| 300 |
|
|
|a 1 online resource (iii, 44 pages)
|
| 336 |
|
|
|a text
|b txt
|2 rdacontent
|
| 337 |
|
|
|a computer
|b c
|2 rdamedia
|
| 338 |
|
|
|a online resource
|b cr
|2 rdacarrier
|
| 500 |
|
|
|a Title from title screen (viewed Aug. 31, 2012).
|
| 504 |
|
|
|a Includes bibliographical references.
|
| 500 |
|
|
|a "Serial number 112-117."
|
| 500 |
|
|
|a Electronic resource.
|
| 610 |
1 |
0 |
|a United States.
|t Dodd-Frank Wall Street Reform and Consumer Protection Act.
|
| 650 |
|
0 |
|a Financial services industry
|x Law and legislation
|z United States.
|
| 650 |
|
0 |
|a Financial institutions
|x Law and legislation
|z United States.
|
| 650 |
|
0 |
|a Competition
|z United States.
|
| 650 |
|
0 |
|a Competition, Unfair
|z United States.
|
| 776 |
0 |
8 |
|i Print version:
|a United States. Congress. House. Committee on the Judiciary. Subcommittee on Intellectual Property, Competition, and the Internet.
|t Dodd-Frank Act's effects on financial services competition
|w (OCoLC)810274172
|
| 776 |
0 |
8 |
|i Microfiche:
|a United States. Congress. House. Committee on the Judiciary. Subcommittee on Intellectual Property, Competition, and the Internet.
|t Dodd-Frank Act's effects on financial services competition
|w (OCoLC)823303431
|
| 856 |
4 |
0 |
|u https://purl.fdlp.gov/GPO/gpo27623
|t 0
|
| 999 |
|
|
|a MARS
|
| 999 |
f |
f |
|s 39e6ffc9-2081-36f6-a909-29b8ca262993
|i 601d6aee-e92a-323e-ab2c-34be72c0f875
|t 0
|
| 952 |
f |
f |
|a Texas A&M University
|b College Station
|c Electronic Resources
|d Available Online
|t 0
|e Y 4.J 89/1:112-117
|h Superintendent of Documents classification
|
| 998 |
f |
f |
|a Y 4.J 89/1:112-117
|t 0
|l Available Online
|